| 000 | 00574nam a2200217Ia 4500 | ||
|---|---|---|---|
| 008 | 230125s9999 xx 000 0 und d | ||
| 020 | _a81-7132-111-9 | ||
| 041 | _aeng | ||
| 082 |
_a658.1599 _bRAM/JAI |
||
| 100 |
_aRamakant, Ed. _9112440 |
||
| 245 | _aRecent trends in foreign investment | ||
| 250 | _a1st Ed. | ||
| 260 |
_c1996 _bPointer publisher _aJaipur |
||
| 300 | _a200p | ||
| 500 | _aForex management | ||
| 500 | _aInvestments | ||
| 650 | _aFinancial Management | ||
| 700 |
_aRamakant, Ed. & Jain S C, Ed. _9112441 |
||
| 906 | _b60 | ||
| 999 |
_c89390 _d89390 |
||